00302nam a2200121Ia 45000030006000000080041000060400015000471000023000622450038000852600028001235460012001510050017001630STCL150530s9999 xx 000 0 und d aSTCLcSTCL aNagappan Nayar, K. aBulletin Madras government museum bMadras Governmentc1959 aEnglish20220125170418.0